000 00425nam a2200181Ia 4500
001 4804
005 20260306145822.0
008 260306t1998||||xx |||||||||||||| ||spa||
041 _aESP
082 _a330.122
_bD95 1998
100 _aDrucker, Peter F.
_eAUT
245 0 _aLa sociedad poscapitalista
260 _c1998
300 _a224 páginas :
_c22 cm.
650 _aGEN
654 _aCAN
942 _cLIB
_dJUS
_fJUS
_2ddc
_n
999 _c4804
_d4804